| 000 | 00573nam a2200205Ia 4500 | ||
|---|---|---|---|
| 005 | 20250923145143.0 | ||
| 008 | 008 250917s9999 xx 000 0 eng d | ||
| 037 | _aTextual | ||
| 040 |
_aDSWL _beng _cDSWL |
||
| 041 |
_aeng _2eng |
||
| 084 |
_aS, N52 _qDSWL |
||
| 100 |
_aGuilford, J.P. _9832304 |
||
| 245 | 0 |
_aGeneral Psychology _cby J.P. Guilford |
|
| 260 |
_aNew York _b Alliliated East West Press Pvt. Ltd. _c1964 |
||
| 300 | _aviii,120p. | ||
| 365 |
_aINR _b10.00 |
||
| 925 | _g10.00 | ||
| 942 |
_cTEXL _hS, N52 |
||
| 999 |
_c1447806 _d1447806 |
||